00827nam a2200181Ia 4500008004100000040001800041041000800059110005700067245009600124260004300220300003700263500022600300650002200526650002200548650001900570650003100589650002500620130821s1996 ck gs spa  aCo-BoUCMbspa00aspa2 aUniversidad Pedagógica y Tecnológica de Colombia10aImpacto ambientalc[videograbación]cUniversidad Pedagógica y Tecnológica de Colombia aTunja (Boyacá, Colombia)bUPTCc1996 a1 videocasete vhs 15 min.e1 DVD aContiene cómo conservar el medio ambiente. Diseños de sistemas y correctivos necesarios para cumplir con las normas sobre la materia. Medidas preventivas. Equipos de protección. Garantizar el crecimiento de especies04aControl ambiental04aImpacto ambiental04aMedio ambiente04aPrevención de accidentes04aSeguridad industrial